| 000 | 01013nam a2200289 i 4500 | ||
|---|---|---|---|
| 001 | bg | ||
| 003 | BPK | ||
| 005 | 20230223100325.0 | ||
| 008 | 950504s1973 pl f f |000 0 pol | ||
| 040 | _cBPK | ||
| 041 | _apol | ||
| 080 | _a624.012.4 | ||
| 080 | _a(07) | ||
| 100 | 1 |
_aSieczkowski, Józef _d(1928-2004) _eAutor |
|
| 245 | 0 |
_aPrzykłady obliczeń konstrukcji żelbetowych i z betonu sprężnego / _cJózef Sieczkowski. |
|
| 260 |
_aWarszawa : _bPańst. Wydaw. Szkolnictwa Zawodowego, _c1973. |
||
| 300 |
_a286, [1] s., [2] s. tabl. : _bil. _c24 cm. |
||
| 336 |
_2rdacontent _aTekst _btxt |
||
| 337 |
_2rdamedia _aBez urządzenia pośredniczącego _bn |
||
| 338 |
_2rdacarrier _aWolumin _bnc |
||
| 650 | 4 | _aBeton sprężony | |
| 650 | 4 | _aKonstrukcje żelbetowe | |
| 655 | 4 | _aPodręczniki dla szkół zawodowych | |
| 658 | _aArchitektura i budownictwo | ||
| 856 |
_uhttp://koha.tu.koszalin.pl/cgi-bin/koha/opac-detail.pl?biblionumber=1692 _yKatalog online BPK |
||
| 942 |
_cKS _2UKD |
||
| 999 |
_c1692 _d1692 |
||